Hacia un mercado bursátil para las pequeñas y medianas empresas (Registro nro. 17268)

Detalles MARC
000 -LEADER
fixed length control field 00403 a2200121 4500
001 - CONTROL NUMBER
control field ART_2299
005 - DATE AND TIME OF LATEST TRANSACTION
control field 20260410161724.0
008 - FIXED-LENGTH DATA ELEMENTS--GENERAL INFORMATION
fixed length control field 260409a
100 1# - MAIN ENTRY--PERSONAL NAME
Personal name Jelonche, Edgar I.
245 10 - TITLE STATEMENT
Title Hacia un mercado bursátil para las pequeñas y medianas empresas
700 1# - ADDED ENTRY--PERSONAL NAME
Personal name Schamann de Crego, Elvira
773 0# - HOST ITEM ENTRY
Title Administración de empresas
Related parts - Año XVI, Nº 192 (mar. 1986)
Record control number REV2036

No hay ítems disponibles.